[Event "Shakhty KVU op"]
[Site "Shakhty"]
[Date "2015.02.18"]
[Round "6"]
[White "Turko, Ivan"]
[Black "Statsenko, Alexander"]
[Result "1-0"]
[WhiteElo "2017"]
[BlackElo "2052"]
[PlyCount "129"]
[EventDate "2015.02.14"]
[EventType "swiss"]
[EventRounds "9"]
[EventCountry "RUS"]
[SourceTitle "CBM 165 Extra"]
[Source "ChessBase"]
[SourceDate "2015.04.21"]
[SourceVersion "1"]
[SourceVersionDate "2015.04.21"]
[SourceQuality "1"]

1. Nf3 Nf6 2. c4 b6 3. g3 Bb7 4. Bg2 e5 5. 0-0 d6 6. Nc3 Be7 7. d4 exd4 8. Qxd4 0-0 9. b3 Re8 10. Bb2 Bf8 11. Rad1 Ne4 12. Nd5 Nc6 13. Qd3 Rb8 14. b4 Ne7 15. Nh4 Nxd5 16. cxd5 Nf6 17. e4 c6 18. Bxf6 Qxf6 19. Nf3 g6 20. dxc6 Bxc6 21. Nd4 Bb7 22. b5 Rbc8 23. Nc6 Bxc6 24. bxc6 Qe6 25. Qd5 Rc7 26. Rc1 Qe5 27. Rc2 Bg7 28. Rd1 Bf8 29. a4 Rec8 30. f4 Qe6 31. h4 Re8 32. Kh2 Kg7 33. a5 bxa5 34. Qxa5 Ree7 35. Rd5 f6 36. Qd2 Re8 37. h5 Rb8 38. hxg6 hxg6 39. e5 fxe5 40. fxe5 dxe5 41. Bh3 Qe7 42. Rd7 Rxd7 43. Qxd7 Qxd7 44. Bxd7 Bd6 45. c7 Bxc7 46. Rxc7 Rb6 47. Rxa7 Kf6 48. Ra4 Rd6 49. Bg4 Kg5 50. Kg2 Rd2+ 51. Kf3 Rd3+ 52. Kf2 Rc3 53. Be2 Kf5 54. Bg4+ Kg5 55. Re4 Rc2+ 56. Be2 Kf5 57. Rc4 Rb2 58. Ke3 Rb6 59. Bd3+ Kg5 60. Ra4 Rd6 61. Ra6 Rxa6 62. Bxa6 Kg4 63. Kf2 Kh3 64. Bc8+ Kh2 65. g4 1-0

[Event "Shakhty KVU op"]
[Site "Shakhty"]
[Date "2015.02.15"]
[Round "3"]
[White "Yermolenko, Vasily"]
[Black "Statsenko, Alexander"]
[Result "1/2-1/2"]
[WhiteElo "2256"]
[BlackElo "2052"]
[PlyCount "80"]
[EventDate "2015.02.14"]
[EventType "swiss"]
[EventRounds "9"]
[EventCountry "RUS"]
[SourceTitle "CBM 165 Extra"]
[Source "ChessBase"]
[SourceDate "2015.04.21"]
[SourceVersion "1"]
[SourceVersionDate "2015.04.21"]
[SourceQuality "1"]

1. d4 d5 2. c4 e6 3. Nc3 f5 4. g3 Nf6 5. Bg2 c6 6. Qd3 Bb4 7. a3 Bd6 8. Nh3 0-0 9. Bf4 Ne4 10. 0-0 Bxf4 11. gxf4 dxc4 12. Qc2 Nd6 13. Ng5 h6 14. Nf3 Nd7 15. Rfd1 Nf6 16. Ne5 Bd7 17. Na4 Rc8 18. Nc5 Re8 19. Nxc4 Nxc4 20. Qxc4 b6 21. Nd3 Nd5 22. Rac1 g5 23. fxg5 hxg5 24. Qa6 Rc7 25. Ne5 Re7 26. Rd3 g4 27. Rg3 Rg7 28. Bxd5 exd5 29. e3 c5 30. dxc5 Qe7 31. Nd3 bxc5 32. Qa5 c4 33. Qxc7 cxd3 34. Qxa7 f4 35. exf4 d2 36. Rf1 Qe2 37. Qa8+ Kh7 38. Qxd5 Bb5 39. Qh5+ Kg8 40. Qd5+ Kh7 1/2-1/2